Click to translate Greek - Statistics

General Stats
  • This quiz has been taken 212 times
  • The average score is 11 of 16
Answer Stats
Hint Answer % Correct
rice rýzi
95%
comedy komodía
87%
library vivliothíki
85%
stars astéria
82%
guitar kithára
79%
sea thálassa
77%
drum týmpano
71%
priest papás
67%
brain
enkéfalos
65%
aunt theía
65%
witch mágissa
62%
travel taxídi
61%
commerce empório
58%
paper chartí
57%
blood aíma
55%
hot zestó
55%
No matching quizzes found
Score Distribution
Percent of People with Each Score
Percentile by Number Answered
Your Score History
You have not taken this quiz